MLB Perfect Games - Statistics

General Stats
  • This quiz has been taken 21 times
  • The average score is 7 of 24
Answers on the Grid
Answers color-coded by a green-red scale on the quiz's grid according to % correct below.
Addie Joss
Armando Galarraga
Catfish Hunter
Charlie Robertson
Clayton Kershaw
Cy Young
Dallas Braden
Daniel Norris
David Cone
David Wells
Dennis Martinez
Domingo German
Don Larsen
Felix Hernandez
Grover Alexander
Jim Bunning
John Ward
Kenny Rogers
Lee Richmond
Len Barker
Mark Buehrle
Matt Cain
Max Scherzer
Mike Witt
Pedro Martinez
Philip Humber
Randy Johnson
Robin Roberts
Roger Clemens
Roy Halliday
Rube Vickers
Sandy Koufax
Satchel Paige
Tom Browning
Vida Blue
Walter Johnson
 
Answer Stats
Answer % Correct
Dallas Braden
86%
David Wells
57%
Domingo German
57%
Felix Hernandez
57%
Mark Buehrle
57%
Matt Cain
57%
Roy Halliday
57%
Randy Johnson
43%
Sandy Koufax
43%
Cy Young
29%
David Cone
29%
Addie Joss
14%
Catfish Hunter
14%
Dennis Martinez
14%
Jim Bunning
14%
Philip Humber
14%
Tom Browning
14%
Charlie Robertson
0%
Don Larsen
0%
John Ward
0%
Kenny Rogers
0%
Lee Richmond
0%
Len Barker
0%
Mike Witt
0%
No matching quizzes found
Score Distribution
Percent of People with Each Score
Percentile by Number Answered
Your Score History
You have not taken this quiz